000 00398nam a22001577a 4500
003 macl
005 20170326133322.0
008 170326b xxu||||| |||| 00| 0 eng d
040 _cmacl
082 _a620
100 _amade easy
_966878
245 _aCivil Engineering solved papers vol-2
_bESE-2017
260 _aDelhi
_bMade Easy
_c2016
650 _aCivil Engineering
_96454
942 _2ddc
_cBK
999 _c56151
_d56151